[Event "HUN-chT2 Erkel 1819"]
[Site "Hungary"]
[Date "2019.02.10"]
[Round "5.10"]
[White "Barta, Zoltan"]
[Black "Veres, Istvan"]
[Result "1/2-1/2"]
[WhiteElo "1904"]
[BlackElo "1952"]
[PlyCount "54"]
[EventDate "2018.10.28"]
[EventType "team-tourn"]
[EventRounds "9"]
[EventCountry "HUN"]
[SourceTitle "EXT 2021"]
[Source "ChessBase"]
[SourceDate "2020.10.23"]
[SourceVersion "1"]
[SourceVersionDate "2020.10.23"]
[SourceQuality "1"]
[WhiteTeam "Andornaktalya"]
[BlackTeam "Varosgazda Akademia"]
[WhiteTeamCountry "HUN"]
[BlackTeamCountry "HUN"]

1. d4 Nf6 2. Nf3 g6 3. c4 c5 4. d5 e6 5. Nc3 exd5 6. cxd5 d6 7. e4 Bg7 8. Bd3 0-0 9. 0-0 a6 10. a4 b6 11. h3 Re8 12. Bf4 Qc7 13. Nd2 Nbd7 14. Nc4 Bf8 15. Re1 Ne5 16. Nxe5 dxe5 17. Bg5 Bg7 18. Qd2 Qd6 19. Rec1 Bd7 20. Qe2 Bc8 21. Be3 Bb7 22. Nd1 Rec8 23. b3 Ne8 24. Nb2 Qd8 25. Rc2 Nd6 26. Nc4 Nxc4 27. bxc4 a5 1/2-1/2

[Event "Budapest-chT1 Lilienthal 1718"]
[Site "Budapest"]
[Date "2018.04.15"]
[Round "13"]
[White "Kiss, Istvan Gyorgy"]
[Black "Veres, Istvan"]
[Result "0-1"]
[WhiteElo "2091"]
[BlackElo "1920"]
[PlyCount "110"]
[EventDate "2017.10.01"]
[EventType "team-tourn"]
[EventRounds "13"]
[EventCountry "HUN"]
[SourceTitle "EXT 2021"]
[Source "ChessBase"]
[SourceDate "2020.10.23"]
[SourceVersion "1"]
[SourceVersionDate "2020.10.23"]
[SourceQuality "1"]
[WhiteTeam "Palota Sakk"]
[BlackTeam "Budapest Ujpest KSE"]
[WhiteTeamCountry "HUN"]
[BlackTeamCountry "HUN"]

1. d4 Nf6 2. c3 b6 3. Bg5 e6 4. Nd2 Be7 5. e3 Bb7 6. Qc2 d6 7. Ngf3 Nbd7 8. Bb5 a6 9. Ba4 b5 10. Bb3 c5 11. a3 c4 12. Ba2 Nd5 13. Bxe7 Qxe7 14. 0-0 0-0 15. Rae1 N5f6 16. Bb1 h6 17. e4 e5 18. Re2 Rac8 19. Rfe1 Nh5 20. Qd1 Nf4 21. Re3 Nf6 22. g3 Nh3+ 23. Kg2 Ng4 24. R3e2 Qd7 25. dxe5 dxe5 26. Nxc4 Qxd1 27. Rxd1 Ngxf2 28. Rxf2 Nxf2 29. Kxf2 Rxc4 30. Nxe5 Rc7 31. Ke3 Re8 32. Nf3 f5 33. Nd4 Bxe4 34. Bxe4 Rxe4+ 35. Kf3 g6 36. Rd2 Kf7 37. h3 h5 38. h4 Kf6 39. Ne2 Rc6 40. Nf4 Re8 41. Rd7 Re4 42. Rd8 Ke7 43. Rg8 Kf7 44. Rd8 Re1 45. Nd3 Ke7 46. Ra8 Rf1+ 47. Ke2 Rg1 48. Kf2 Rb1 49. Ke3 Re6+ 50. Kf3 Rf1+ 51. Kg2 Rd1 52. Nf4 Red6 53. b3 Ra1 54. c4 bxc4 55. bxc4 Rd2+ 0-1

[Event "HUN-chT2 Erkel 1718"]
[Site "Hungary"]
[Date "2017.12.17"]
[Round "6.9"]
[White "Virag, Balint"]
[Black "Veres, Istvan"]
[Result "1-0"]
[WhiteElo "1987"]
[BlackElo "1920"]
[PlyCount "60"]
[EventDate "2017.09.24"]
[EventType "team-tourn"]
[EventRounds "11"]
[EventCountry "HUN"]
[SourceTitle "EXT 2021"]
[Source "ChessBase"]
[SourceDate "2020.10.23"]
[SourceVersion "1"]
[SourceVersionDate "2020.10.23"]
[SourceQuality "1"]
[WhiteTeam "Budapest MTK II"]
[BlackTeam "Budapest MAFC"]
[WhiteTeamCountry "HUN"]
[BlackTeamCountry "HUN"]

1. e4 c5 2. Nf3 Nc6 3. d4 cxd4 4. Nxd4 Nf6 5. Nc3 e5 6. Ndb5 d6 7. Bg5 a6 8. Na3 b5 9. Nd5 Qa5+ 10. Bd2 Qd8 11. Nxf6+ Qxf6 12. c4 b4 13. Nc2 a5 14. Ne3 Be6 15. Qa4 Bd7 16. Nd5 Qd8 17. Qd1 Ne7 18. Bg5 Bc6 19. Bd3 h6 20. Bh4 Bxd5 21. cxd5 Qd7 22. a4 bxa3 23. Bc2 Qb7 24. Ba4+ Kd8 25. Bxe7+ Bxe7 26. bxa3 Qb2 27. 0-0 h5 28. Qf3 Qd4 29. Bc6 Rb8 30. Rab1 Rh6 1-0

[Event "Budapest-chT1 Lilienthal 1718"]
[Site "Budapest"]
[Date "2017.12.10"]
[Round "5"]
[White "Bartus, Laszlo"]
[Black "Veres, Istvan"]
[Result "0-1"]
[WhiteElo "2101"]
[BlackElo "1920"]
[PlyCount "98"]
[EventDate "2017.10.01"]
[EventType "team-tourn"]
[EventRounds "13"]
[EventCountry "HUN"]
[SourceTitle "EXT 2021"]
[Source "ChessBase"]
[SourceDate "2020.10.23"]
[SourceVersion "1"]
[SourceVersionDate "2020.10.23"]
[SourceQuality "1"]
[WhiteTeam "Budapest EAC II"]
[BlackTeam "Budapest Ujpest KSE"]
[WhiteTeamCountry "HUN"]
[BlackTeamCountry "HUN"]

1. e4 c5 2. Nf3 Nc6 3. d4 cxd4 4. Nxd4 Nf6 5. Nc3 e5 6. Nf3 Bb4 7. Bd3 d5 8. exd5 Qxd5 9. Qe2 0-0 10. Bc4 Qc5 11. 0-0 Bxc3 12. bxc3 Bg4 13. h3 Bh5 14. g4 Bg6 15. Nh4 Rac8 16. Nxg6 hxg6 17. Be3 Qa5 18. Bd2 Rfe8 19. Rab1 Qc7 20. a4 e4 21. Bb5 Ne5 22. Bf4 Re7 23. Bxe5 Qxe5 24. Qd2 a6 25. g5 Nd5 26. Be2 Nf4 27. Bg4 Rxc3 28. Rb3 Rxb3 29. cxb3 Qxg5 30. Qd8+ Kh7 31. Kh2 Qe5 32. Kh1 Nd3 33. Be2 Qc7 34. Qxc7 Rxc7 35. Bxd3 exd3 36. Rd1 Rc3 37. b4 Kh6 38. Kg2 Kg5 39. Kf3 Rb3 40. b5 axb5 41. axb5 Rxb5 42. Rxd3 Rb4 43. Rd5+ Kf6 44. Rd6+ Kf5 45. Rd5+ Ke6 46. Rd3 b5 47. Ke2 Rb2+ 48. Ke3 g5 49. Kd4 Rxf2 0-1

[Event "HUN-chT2 Erkel 1718"]
[Site "Hungary"]
[Date "2017.11.26"]
[Round "4.10"]
[White "Veres, Istvan"]
[Black "Suhajda, Attila"]
[Result "0-1"]
[WhiteElo "1920"]
[BlackElo "2041"]
[PlyCount "56"]
[EventDate "2017.09.24"]
[EventType "team-tourn"]
[EventRounds "11"]
[EventCountry "HUN"]
[SourceTitle "EXT 2021"]
[Source "ChessBase"]
[SourceDate "2020.10.23"]
[SourceVersion "1"]
[SourceVersionDate "2020.10.23"]
[SourceQuality "1"]
[WhiteTeam "Budapest MAFC"]
[BlackTeam "Sarkany DSE"]
[WhiteTeamCountry "HUN"]
[BlackTeamCountry "HUN"]

1. e4 e5 2. Nc3 Nf6 3. Bc4 Nxe4 4. Qh5 Nd6 5. Bb3 Nc6 6. Nb5 g6 7. Qf3 f5 8. Qd5 Qf6 9. Nxc7+ Kd8 10. Nxa8 b6 11. Nxb6 axb6 12. d3 Bb7 13. Qf3 Nd4 14. Qh3 e4 15. Be3 exd3 16. 0-0-0 Nxb3+ 17. axb3 Bg7 18. c3 Nb5 19. Nf3 Bxf3 20. Qxf3 Nxc3 21. Qa8+ Ke7 22. Qa3+ Kf7 23. Rxd3 Rc8 24. Kd2 Nb5 25. Qa2 f4 26. b4+ Kf8 27. Re1 fxe3+ 28. Rdxe3 Bh6 0-1

[Event "Budapest-chT1 Lilienthal 1516"]
[Site "Budapest"]
[Date "2015.10.11"]
[Round "3"]
[White "Matuska, Miklos"]
[Black "Veres, Istvan"]
[Result "1/2-1/2"]
[WhiteElo "2024"]
[BlackElo "1908"]
[PlyCount "44"]
[EventDate "2015.09.20"]
[EventType "team-tourn"]
[EventRounds "9"]
[EventCountry "HUN"]
[SourceTitle "EXT 2021"]
[Source "ChessBase"]
[SourceDate "2020.10.23"]
[SourceVersion "1"]
[SourceVersionDate "2020.10.23"]
[SourceQuality "1"]
[WhiteTeam "Siketek"]
[BlackTeam "Budapest Ujpest KSE"]
[WhiteTeamCountry "HUN"]
[BlackTeamCountry "HUN"]

1. Nf3 Nf6 2. c4 c5 3. Nc3 Nc6 4. g3 g6 5. Bg2 Bg7 6. 0-0 0-0 7. d3 d6 8. a3 Bd7 9. Rb1 Qc8 10. Re1 Ng4 11. Bg5 Re8 12. Qc1 Rb8 13. b4 b6 14. Nd5 e6 15. Ne3 Nxe3 16. Bxe3 e5 17. Ng5 Ne7 18. Ne4 Qc7 19. Bh6 f5 20. Nc3 Bc6 21. Bxg7 Kxg7 22. Bxc6 Qxc6 1/2-1/2

[Event "HUN-chT2 Erkel 1516"]
[Site "Hungary"]
[Date "2015.09.13"]
[Round "1.10"]
[White "Veres, Istvan"]
[Black "Barta, Zoltan"]
[Result "0-1"]
[WhiteElo "1696"]
[BlackElo "1938"]
[PlyCount "60"]
[EventDate "2015.09.13"]
[EventType "team-tourn"]
[EventRounds "11"]
[EventCountry "HUN"]
[SourceTitle "CBM 170 Extra"]
[Source "ChessBase"]
[SourceDate "2016.02.25"]
[SourceVersion "1"]
[SourceVersionDate "2016.02.25"]
[SourceQuality "1"]
[WhiteTeam "GSBE"]
[BlackTeam "Andornaktalya"]
[WhiteTeamCountry "HUN"]
[BlackTeamCountry "HUN"]

1. d4 d5 2. c4 c6 3. e3 Nf6 4. Nc3 g6 5. Nf3 e6 6. Be2 Bg7 7. 0-0 Nbd7 8. c5 Qc7 9. b4 0-0 10. a4 e5 11. h3 e4 12. Nh2 Ne8 13. b5 f5 14. f4 exf3 15. Bxf3 Nxc5 16. Ba3 Ne4 17. Bxe4 dxe4 18. Bxf8 Bxf8 19. Ne2 Bd6 20. Nf4 Ng7 21. h4 h6 22. g4 g5 23. hxg5 hxg5 24. Qb3+ Kh7 25. Nh5 Bxh2+ 26. Kh1 Nxh5 27. gxh5 Bg3 28. Rg1 f4 29. Raf1 Qe7 30. Rxg3 Be6 0-1

[Event "Borsod-chT2 1415"]
[Site "Hungary"]
[Date "2015.03.29"]
[Round "7.3"]
[White "Veres, Istvan"]
[Black "Sandor, Akos"]
[Result "1-0"]
[WhiteElo "1852"]
[BlackElo "1752"]
[PlyCount "61"]
[EventDate "2014.09.28"]
[EventType "team-tourn"]
[EventRounds "7"]
[EventCountry "HUN"]
[SourceTitle "EXT 2016"]
[Source "ChessBase"]
[SourceDate "2015.10.08"]
[SourceVersion "1"]
[SourceVersionDate "2015.10.08"]
[SourceQuality "1"]
[WhiteTeam "Szendro"]
[BlackTeam "Edeleny III"]
[WhiteTeamCountry "HUN"]
[BlackTeamCountry "HUN"]

1. e4 d5 2. exd5 Qxd5 3. Nc3 Qa5 4. Nf3 Nf6 5. h3 Bf5 6. Bc4 e6 7. 0-0 c6 8. d3 Bd6 9. Qe2 0-0 10. Bg5 Nbd7 11. Rfd1 Rfe8 12. Ne4 Be7 13. Bf4 Nd5 14. Bg3 Rad8 15. a3 b5 16. Ba2 Qb6 17. c4 bxc4 18. dxc4 Bxe4 19. Qxe4 N5f6 20. Qc2 Nc5 21. b4 Nce4 22. c5 Qb7 23. Be5 Rxd1+ 24. Rxd1 Rd8 25. Re1 a5 26. Rxe4 Nxe4 27. Qxe4 axb4 28. axb4 Rd1+ 29. Kh2 Qa6 30. Bc4 Qa3 31. Qg4 1-0

[Event "Budapest-chT1 Lilienthal 1112"]
[Site "Budapest"]
[Date "2011.12.11"]
[Round "5"]
[White "Veres, Istvan"]
[Black "Halak, Miklos"]
[Result "1/2-1/2"]
[WhiteElo "2026"]
[BlackElo "2037"]
[PlyCount "109"]
[EventDate "2011.10.02"]
[EventType "team-tourn"]
[EventRounds "11"]
[EventCountry "HUN"]
[SourceTitle "EXT 2020"]
[Source "ChessBase"]
[SourceDate "2019.10.17"]
[SourceVersion "1"]
[SourceVersionDate "2019.10.17"]
[SourceQuality "1"]
[WhiteTeam "Budapest Ujpest KSE"]
[BlackTeam "Fabulon"]
[WhiteTeamCountry "HUN"]
[BlackTeamCountry "HUN"]

1. e4 e5 2. Nc3 Bc5 3. Bc4 d6 4. d3 Nf6 5. Bg5 h6 6. Bh4 g5 7. Bg3 Nc6 8. h4 Bg4 9. Qd2 Nh5 10. hxg5 Nxg3 11. fxg3 Bxg1 12. Rxg1 hxg5 13. Qf2 Rf8 14. Nd5 f5 15. Rf1 f4 16. gxf4 exf4 17. Kd2 Ne5 18. Rae1 c6 19. Nc3 Qa5 20. Bb3 0-0-0 21. Kc1 Bd7 22. Qd4 Kc7 23. a3 f3 24. Qf2 g4 25. d4 fxg2 26. Qxg2 Nf3 27. Re3 Nxd4 28. Rd1 Qg5 29. Qd2 Rf3 30. Rxf3 Nxb3+ 31. cxb3 Qxd2+ 32. Rxd2 gxf3 33. Rf2 Bg4 34. Kd2 Rh8 35. Ke3 Rh1 36. b4 Rg1 37. Kf4 Rg2 38. Nd1 Kb6 39. Ke3 Kb5 40. b3 Rxf2 41. Nc3+ Kb6 42. Kxf2 a6 43. Ke3 Kc7 44. Nb1 Kd7 45. Nd2 b5 46. Kf4 Bh5 47. Kg5 Bf7 48. Nxf3 Bxb3 49. Kf6 Bc2 50. e5 dxe5 51. Kxe5 Kc7 52. Nd4 Bd3 53. Ne6+ Kb6 54. Nc5 Bf1 55. Kd6 1/2-1/2

[Event "HUN-chT2 Erkel 1011"]
[Site "Hungary"]
[Date "2011.05.15"]
[Round "11.5"]
[White "Molnar, Jozsef"]
[Black "Veres, Istvan"]
[Result "1-0"]
[WhiteElo "2159"]
[BlackElo "2078"]
[PlyCount "71"]
[EventDate "2010.09.12"]
[EventType "team-tourn"]
[EventRounds "11"]
[EventCountry "HUN"]
[SourceTitle "EXT 2012"]
[Source "ChessBase"]
[SourceDate "2011.11.24"]
[SourceVersion "1"]
[SourceVersionDate "2011.11.24"]
[SourceQuality "1"]
[WhiteTeam "Barcza"]
[BlackTeam "Vaci"]
[WhiteTeamCountry "HUN"]
[BlackTeamCountry "HUN"]

1. e4 c5 2. Nf3 Nc6 3. d4 cxd4 4. Nxd4 Nf6 5. Nc3 e5 6. Ndb5 d6 7. Bg5 a6 8. Bxf6 gxf6 9. Na3 b5 10. Nd5 f5 11. g3 Be6 12. exf5 Bxf5 13. Bg2 Rc8 14. c3 Bg7 15. 0-0 0-0 16. Nc2 Be6 17. a4 f5 18. Qe2 e4 19. Nce3 bxa4 20. Rxa4 a5 21. f4 Nb8 22. Rd1 Rc5 23. Bh3 Qd7 24. Ra2 Qb7 25. Qd2 Qa7 26. Kh1 Qb7 27. Bf1 Rfc8 28. b4 Bxc3 29. Nxc3 Rxc3 30. Rxa5 Qxb4 31. Rxf5 Qa3 32. Rg5+ Kf7 33. Nf5 Rc2 34. Qd4 Bxf5 35. Rxf5+ Ke7 36. Qg7+ 1-0

[Event "HUN-chT2 Erkel 1011"]
[Site "Hungary"]
[Date "2011.05.01"]
[Round "10.4"]
[White "Morvay, Miklos"]
[Black "Veres, Istvan"]
[Result "1-0"]
[WhiteElo "2195"]
[BlackElo "2078"]
[PlyCount "65"]
[EventDate "2010.09.12"]
[EventType "team-tourn"]
[EventRounds "11"]
[EventCountry "HUN"]
[SourceTitle "EXT 2012"]
[Source "ChessBase"]
[SourceDate "2011.11.24"]
[SourceVersion "1"]
[SourceVersionDate "2011.11.24"]
[SourceQuality "1"]
[WhiteTeam "Budapest MTK"]
[BlackTeam "Vaci"]
[WhiteTeamCountry "HUN"]
[BlackTeamCountry "HUN"]

1. e4 c5 2. d4 cxd4 3. c3 dxc3 4. Nxc3 Nc6 5. Nf3 d6 6. Bc4 e6 7. 0-0 Be7 8. Qe2 a6 9. Rd1 Qc7 10. Bf4 Nf6 11. Rac1 0-0 12. Bd3 Qb8 13. e5 Nh5 14. Bxh7+ Kh8 15. Bg5 Bxg5 16. Nxg5 g6 17. exd6 Bd7 18. Qe3 Qd8 19. Nce4 Kg7 20. Nc5 Rb8 21. Rc4 Rh8 22. Bxg6 Kxg6 23. Rg4 f5 24. Ngxe6+ fxg4 25. Nxd8 Rbxd8 26. Rd5 Bf5 27. Rxf5 Kxf5 28. Qe6+ Kg5 29. Ne4+ Kh4 30. g3+ Nxg3 31. hxg3+ Kh5 32. Qf5+ Kh6 33. Qg5+ 1-0

[Event "HUN-chT2 Erkel 1011"]
[Site "Hungary"]
[Date "2011.03.27"]
[Round "7.6"]
[White "Veres, Istvan"]
[Black "Demjen, Attila"]
[Result "0-1"]
[WhiteElo "2078"]
[BlackElo "2026"]
[PlyCount "79"]
[EventDate "2010.09.12"]
[EventType "team-tourn"]
[EventRounds "11"]
[EventCountry "HUN"]
[SourceTitle "EXT 2012"]
[Source "ChessBase"]
[SourceDate "2011.11.24"]
[SourceVersion "1"]
[SourceVersionDate "2011.11.24"]
[SourceQuality "1"]
[WhiteTeam "Vaci"]
[BlackTeam "Honved"]
[WhiteTeamCountry "HUN"]
[BlackTeamCountry "HUN"]

1. e4 c6 2. d4 d5 3. e5 Bf5 4. g4 Bd7 5. Bd3 e6 6. h4 c5 7. c3 Nc6 8. Nf3 c4 9. Bc2 b5 10. h5 a5 11. Ng5 h6 12. Nf3 Nge7 13. Nh4 Nc8 14. Qf3 N8e7 15. Rh3 Qb6 16. Qf4 b4 17. Rf3 0-0-0 18. Nd2 Be8 19. Re3 Rg8 20. Nhf3 g5 21. hxg6 Nxg6 22. Qg3 Be7 23. Qh2 Bd7 24. Rb1 Rh8 25. Ba4 Bg5 26. Bxc6 Bxc6 27. Re2 Nf4 28. Re3 Nd3+ 29. Rxd3 cxd3 30. Qg3 Kd7 31. Ng1 Bb5 32. f4 Be7 33. Nh3 Rc8 34. cxb4 Bxb4 35. Qe3 Rc2 36. a3 Be7 37. Nf2 Bh4 38. Kd1 Bxf2 39. Qxf2 Rhc8 40. Qh4 0-1

[Event "Budapest-chT1 Lilienthal 1011"]
[Site "Budapest"]
[Date "2011.02.27"]
[Round "9"]
[White "Vass, Lajos"]
[Black "Veres, Istvan"]
[Result "1-0"]
[WhiteElo "2096"]
[BlackElo "2078"]
[PlyCount "83"]
[EventDate "2010.09.19"]
[EventType "team-tourn"]
[EventRounds "11"]
[EventCountry "HUN"]
[SourceTitle "EXT 2020"]
[Source "ChessBase"]
[SourceDate "2019.10.17"]
[SourceVersion "1"]
[SourceVersionDate "2019.10.17"]
[SourceQuality "1"]
[WhiteTeam "Budapest EAC III"]
[BlackTeam "Budapest Ujpest KSE"]
[WhiteTeamCountry "HUN"]
[BlackTeamCountry "HUN"]

1. e4 c5 2. c3 Nf6 3. e5 Nd5 4. d4 cxd4 5. Nf3 Nc6 6. Bc4 Nb6 7. Bb3 d5 8. exd6 Qxd6 9. 0-0 d3 10. Ng5 e6 11. Nd2 Be7 12. Nde4 Qc7 13. Qxd3 h6 14. Nf3 Bd7 15. Nd4 a6 16. a4 Na5 17. Bc2 0-0-0 18. Qf3 f5 19. Nd2 g5 20. b4 Nac4 21. Nxc4 Nxc4 22. Bb3 Bf6 23. Qe2 e5 24. Bxc4 exd4 25. cxd4 Bxd4 26. Bb2 Rhe8 27. Qd2 Bxb2 28. Qxb2 Kb8 29. Qb3 Qe5 30. b5 a5 31. Rfd1 f4 32. b6 Bg4 33. Rxd8+ Rxd8 34. Rf1 Qc5 35. h3 Bh5 36. Qb5 Rc8 37. Qxc5 Rxc5 38. Bb5 Re5 39. g4 Bf7 40. Rd1 Kc8 41. Bd7+ Kb8 42. Rc1 1-0

[Event "Budapest-chT1 Lilienthal 1011"]
[Site "Budapest"]
[Date "2010.11.14"]
[Round "4"]
[White "Veres, Istvan"]
[Black "Papp, Antal"]
[Result "1/2-1/2"]
[WhiteElo "2078"]
[BlackElo "2090"]
[PlyCount "169"]
[EventDate "2010.09.19"]
[EventType "team-tourn"]
[EventRounds "11"]
[EventCountry "HUN"]
[SourceTitle "EXT 2020"]
[Source "ChessBase"]
[SourceDate "2019.10.17"]
[SourceVersion "1"]
[SourceVersionDate "2019.10.17"]
[SourceQuality "1"]
[WhiteTeam "Budapest Ujpest KSE"]
[BlackTeam "Budapest Honved III"]
[WhiteTeamCountry "HUN"]
[BlackTeamCountry "HUN"]

1. e4 e6 2. d4 d5 3. Nd2 c5 4. exd5 Qxd5 5. dxc5 Bxc5 6. Ngf3 Nc6 7. Bc4 Qd8 8. 0-0 Nf6 9. Qe2 a6 10. c3 b5 11. Bb3 0-0 12. Bc2 Bb7 13. Ne4 Be7 14. Nxf6+ Bxf6 15. Bf4 Qb6 16. Ng5 g6 17. Ne4 Bg7 18. Rad1 Rad8 19. Bg5 Rxd1 20. Rxd1 h6 21. Bf6 Bxf6 22. Nxf6+ Kg7 23. Nd7 Qc7 24. Nc5 Rd8 25. b4 Rxd1+ 26. Qxd1 Bc8 27. a4 Qe5 28. Qd2 Ne7 29. axb5 axb5 30. Bb3 Nd5 31. Bxd5 Qxd5 32. Qxd5 exd5 33. Kf1 Kf6 34. Ke2 Ke5 35. Ke3 g5 36. Nd3+ Kd6 37. Kd4 Bf5 38. Ne5 Be6 39. g3 f6 40. Nd3 Bf5 41. Nc5 Bg4 42. f4 Bh3 43. Ke3 Bf5 44. Nb3 g4 45. Nd4 Bd7 46. Ne2 Bf5 47. Kd4 Kc6 48. Nc1 Bc2 49. Ke3 Kd6 50. Kd2 Bb1 51. Nb3 Bf5 52. Ke3 Bc8 53. Kd4 Bf5 54. Nd2 h5 55. Nf1 Bd7 56. Ne3 Be6 57. f5 Bg8 58. Ng2 Bf7 59. Nf4 Kc6 60. h3 gxh3 61. Nxh3 Kd6 62. Nf4 Kc6 63. Nd3 Kd6 64. Ke3 Be8 65. Kf4 Bd7 66. Nc5 Bc8 67. Nb3 Bd7 68. Nd4 Be8 69. Nf3 Bd7 70. g4 hxg4 71. Kxg4 d4 72. Nxd4 Kd5 73. Kh5 Bxf5 74. Nxf5 Kc4 75. Ne7 Kxc3 76. Nc6 Kc4 77. Kg6 Kd5 78. Na5 Ke5 79. Nc6+ Kd5 80. Kxf6 Kxc6 81. Ke6 Kc7 82. Kd5 Kd7 83. Kc5 Kc7 84. Kxb5 Kb7 85. Kc5 1/2-1/2

[Event "HUN-chT2 Erkel 1011"]
[Site "Hungary"]
[Date "2010.09.26"]
[Round "2.6"]
[White "Veres, Istvan"]
[Black "Mayer, Istvan"]
[Result "0-1"]
[WhiteElo "2078"]
[BlackElo "2079"]
[PlyCount "86"]
[EventDate "2010.09.12"]
[EventType "team-tourn"]
[EventRounds "11"]
[EventCountry "HUN"]
[SourceTitle "EXT 2012"]
[Source "ChessBase"]
[SourceDate "2011.11.24"]
[SourceVersion "1"]
[SourceVersionDate "2011.11.24"]
[SourceQuality "1"]
[WhiteTeam "Vaci"]
[BlackTeam "Pestszentlorinc"]
[WhiteTeamCountry "HUN"]
[BlackTeamCountry "HUN"]

1. e4 e6 2. d4 d5 3. Nd2 Nf6 4. e5 Nfd7 5. Bd3 c5 6. c3 Nc6 7. Ne2 Qb6 8. Nf3 cxd4 9. cxd4 Bb4+ 10. Bd2 Bxd2+ 11. Qxd2 Qb4 12. Rc1 f6 13. exf6 gxf6 14. 0-0 Qxd2 15. Nxd2 a6 16. a3 Ke7 17. b4 Kd6 18. f4 b6 19. Nf3 Bb7 20. Rc2 Rac8 21. Rfc1 Ne7 22. g4 Rxc2 23. Rxc2 Rg8 24. g5 h6 25. h4 hxg5 26. hxg5 e5 27. dxe5+ fxe5 28. fxe5+ Nxe5 29. Nxe5 Rxg5+ 30. Kf2 Rxe5 31. b5 axb5 32. Bxb5 Rf5+ 33. Ke3 Rh5 34. a4 Rh3+ 35. Kf4 Rh4+ 36. Kg5 Rb4 37. Nc3 d4 38. Na2 Rb3 39. Rc4 Rh3 40. Kf4 Rf3+ 41. Kg4 Nf5 42. Rb4 Ke5 43. Bd7 Rg3+ 0-1

[Event "HUN-chT2 Erkel 0910"]
[Site "Hungary"]
[Date "2010.04.18"]
[Round "10.9"]
[White "Fulop, Szabolcs"]
[Black "Veres, Istvan"]
[Result "1/2-1/2"]
[WhiteElo "1964"]
[BlackElo "2020"]
[PlyCount "91"]
[EventDate "2009.11.08"]
[EventType "team-tourn"]
[EventRounds "11"]
[EventCountry "HUN"]
[SourceTitle "EXT 2011"]
[Source "ChessBase"]
[SourceDate "2010.11.26"]
[SourceVersion "1"]
[SourceVersionDate "2010.11.26"]
[SourceQuality "1"]
[WhiteTeam "Barcza"]
[BlackTeam "Vaci"]
[WhiteTeamCountry "HUN"]
[BlackTeamCountry "HUN"]

1. d4 Nf6 2. Bg5 Ne4 3. Bf4 d5 4. e3 e6 5. f3 Nf6 6. c4 c6 7. Nc3 Be7 8. Bd3 dxc4 9. Bxc4 Nbd7 10. e4 Nb6 11. Bb3 Nh5 12. Be3 Bg5 13. Qd2 Bxe3 14. Qxe3 Nf6 15. Nge2 Qe7 16. 0-0 0-0 17. Rfd1 Bd7 18. Qf2 Rac8 19. Nf4 Rfd8 20. Qg3 e5 21. dxe5 Qxe5 22. Nd3 Qe7 23. a4 Be6 24. Bxe6 Qxe6 25. Qf2 Qe7 26. a5 Nc4 27. Qxa7 Ra8 28. Qc5 Qxc5+ 29. Nxc5 Rxd1+ 30. Rxd1 Nxb2 31. Rb1 Nc4 32. Nxb7 h6 33. Ra1 Ra6 34. Na2 Ra7 35. Nd8 c5 36. Nc6 Ra6 37. Ne7+ Kf8 38. Nf5 Rxa5 39. Rc1 Rxa2 40. Rxc4 Ra5 41. Nd6 Nd7 42. Rc1 g6 43. Rd1 Ra7 44. Rd2 Rc7 45. Nb5 Rb7 46. Nd6 1/2-1/2

[Event "HUN-chT2 Erkel 0910"]
[Site "Hungary"]
[Date "2010.02.14"]
[Round "6.9"]
[White "Gulyas, Zoltan"]
[Black "Veres, Istvan"]
[Result "0-1"]
[WhiteElo "2099"]
[BlackElo "2020"]
[PlyCount "94"]
[EventDate "2009.11.08"]
[EventType "team-tourn"]
[EventRounds "11"]
[EventCountry "HUN"]
[SourceTitle "EXT 2011"]
[Source "ChessBase"]
[SourceDate "2010.11.26"]
[SourceVersion "1"]
[SourceVersionDate "2010.11.26"]
[SourceQuality "1"]
[WhiteTeam "Ujszasz"]
[BlackTeam "Vaci"]
[WhiteTeamCountry "HUN"]
[BlackTeamCountry "HUN"]

1. d4 Nf6 2. Nf3 d5 3. e3 e6 4. Bd3 Be7 5. b3 0-0 6. 0-0 c5 7. Nbd2 b6 8. Ne5 Ba6 9. Bb2 Bxd3 10. cxd3 Nfd7 11. f4 Nxe5 12. dxe5 f5 13. exf6 Bxf6 14. Bxf6 Qxf6 15. Nf3 Nc6 16. d4 c4 17. bxc4 dxc4 18. Qa4 Na5 19. Ne5 Rfc8 20. Rac1 c3 21. Rf2 Rc7 22. Rfc2 Rac8 23. Qa3 Qf8 24. Qxf8+ Kxf8 25. Kf2 b5 26. Ke2 b4 27. Rb1 Rb7 28. Nd3 b3 29. axb3 Nxb3 30. Nc1 Nxd4+ 31. exd4 Rxb1 32. Kd3 Rb2 33. Ne2 Rxc2 34. Kxc2 Ke7 35. Nxc3 Kf6 36. Kd3 Kf5 37. g3 Rb8 38. Kc4 Rb2 39. Nb5 a5 40. Nd6+ Kg4 41. Ne4 a4 42. h3+ Kxh3 43. Ng5+ Kxg3 44. Nxe6 a3 45. d5 a2 46. d6 a1Q 47. d7 Rd2 0-1

[Event "HUN-chT2 Erkel 0809"]
[Site "Hungary"]
[Date "2009.04.19"]
[Round "11.9"]
[White "Veres, Istvan"]
[Black "Gombocz, Zsolt"]
[Result "1/2-1/2"]
[WhiteElo "2024"]
[BlackElo "2106"]
[PlyCount "28"]
[EventDate "2008.10.26"]
[EventType "team-tourn"]
[EventRounds "11"]
[EventCountry "HUN"]
[SourceTitle "EXT 2010"]
[Source "ChessBase"]
[SourceDate "2010.11.25"]
[SourceVersion "1"]
[SourceVersionDate "2010.11.25"]
[SourceQuality "1"]
[WhiteTeam "Vaci"]
[BlackTeam "MAFC"]
[WhiteTeamCountry "HUN"]
[BlackTeamCountry "HUN"]

1. e4 Nf6 2. e5 Nd5 3. c4 Nb6 4. d4 d6 5. f4 g5 6. Be2 Bg7 7. Nf3 gxf4 8. Bxf4 Nc6 9. exd6 exd6 10. Bg5 f6 11. Bh4 Bg4 12. 0-0 0-0 13. Nc3 Re8 14. c5 dxc5 1/2-1/2

[Event "HUN-chT2 Erkel 0708"]
[Site "Hungary"]
[Date "2008.03.30"]
[Round "9"]
[White "Veres, Istvan"]
[Black "Malinik, Attila"]
[Result "1-0"]
[WhiteElo "2063"]
[BlackElo "2072"]
[PlyCount "51"]
[EventDate "2007.10.14"]
[EventType "team"]
[EventRounds "11"]
[EventCountry "HUN"]
[SourceTitle "EXT 2009"]
[Source "ChessBase"]
[SourceDate "2008.11.26"]
[SourceVersion "1"]
[SourceVersionDate "2008.11.26"]
[SourceQuality "1"]
[WhiteTeam "Vaci"]
[BlackTeam "Godi"]
[WhiteTeamCountry "HUN"]
[BlackTeamCountry "HUN"]

1. e4 c5 2. Nf3 Nc6 3. d4 cxd4 4. Nxd4 Nf6 5. Nc3 e5 6. Ndb5 d6 7. Bg5 a6 8. Bxf6 gxf6 9. Na3 b5 10. Nd5 f5 11. Bxb5 Qa5+ 12. c3 axb5 13. Nxb5 Kd8 14. a4 Rb8 15. b4 Qa6 16. Ndc7 Qb7 17. 0-0 Rg8 18. Qh5 Rg7 19. Rfd1 fxe4 20. Qh4+ Be7 21. Qh6 Bf8 22. Rxd6+ Bd7 23. Qf6+ Be7 24. Rxd7+ Kxd7 25. Rd1+ Kc8 26. Qf5# 1-0